| 000 | 00668nam a22002177a 4500 | ||
|---|---|---|---|
| 999 |
_c18327 _d18327 |
||
| 003 | AR-CdUCM | ||
| 008 | 190513b ||||| |||| 00| 0 spa d | ||
| 040 |
_aMUNICIPALIDAD PROVINCIAL DEL CUSCO _cBIBLIOTECA MUNICIPAL DEL CUSCO |
||
| 082 |
_a808.82 / _bW72 |
||
| 100 |
_aWilliams, Tennessee _938500 |
||
| 245 | _aVerano y humo la noche de la iguana / | ||
| 260 |
_aBuenos Aires : _bLosada, _c1979. |
||
| 300 |
_a178 páginas ; _c19 cm. |
||
| 505 | _aContenido: Teatro | ||
| 650 |
_aLiteratura Argentina _984 |
||
| 650 |
_aTeatro _9173 |
||
| 650 |
_aGuiones _935009 |
||
| 700 |
_aMirlas, León (traductor) _923475 |
||
| 942 |
_2ddc _cLIBROS |
||
| 945 |
_aacv _d2019-05-13 |
||